| 000 | 00625nam a22001937a 4500 | ||
|---|---|---|---|
| 005 | 20251108172056.0 | ||
| 008 | 250721s1996 xx 000 0 ara d | ||
| 082 | 1 | 4 | _a572.9/بره |
| 100 | 1 | _aبرهم، نسيم | |
| 245 | 1 | 0 | _aمدخل إلى الجغرافيا البشرية / |
| 264 | 1 |
_aعمان : _bدار صفاء للطباعة و النشر و التوزيع، _c1996. |
|
| 300 | _a171ص | ||
| 650 | 1 | 7 | _aالجغرافيا البشرية |
| 650 | 1 | 7 | _aالسكان |
| 700 | 1 | _aأبو صبحة، كايد | |
| 700 | 1 | _aعبد الله، عبد الفتاح لطفي | |
| 942 |
_2ddc _cBK |
||
| 999 |
_c69829 _d69829 |
||